Η βλακεία ως παράγων του ανθρώπινου βίου : περί προβλήματος καυτού και τεραστίου πραγματεία μεταξύ σοβαρού και αστείου
Αποθηκεύτηκε σε:
| Κύριος συγγραφέας: | |
|---|---|
| Μορφή: | Βιβλίο |
| Γλώσσα: | Greek |
| Δημοσίευση: |
Αθήνα :
Καστανιώτη,
c2006.
|
| Θέματα: | |
| Ετικέτες: |
Προσθήκη ετικέτας
Δεν υπάρχουν, Καταχωρήστε ετικέτα πρώτοι!
|
MARC
| LEADER | 00000nam a2200000 i 4500 | ||
|---|---|---|---|
| 001 | 1/104886 | ||
| 008 | 090508s2006 gr | ||| |||| ||gre|| | ||
| 020 | |a 9789600343717 | ||
| 035 | |l 10104603 | ||
| 040 | |a GR-MyUa |b gre |e AACR2 | ||
| 041 | 0 | |a gre | |
| 082 | 7 | |a 889.7 |2 (22) | |
| 100 | 1 | |a Καρζής, Θόδωρος. | |
| 245 | 1 | 2 | |a Η βλακεία ως παράγων του ανθρώπινου βίου : |b περί προβλήματος καυτού και τεραστίου πραγματεία μεταξύ σοβαρού και αστείου / |c Θόδωρος Καρζής. |
| 260 | |a Αθήνα : |b Καστανιώτη, |c c2006. | ||
| 300 | |a 220 σ.; |c 22 εκ. | ||
| 500 | |a Τρίτη επανέκδοση του 2007. | ||
| 504 | |a Βιβλιογραφία: σ. 213-216. Ευρετήριο. | ||
| 650 | 0 | |a Greek wit and humor. | |
| 650 | 0 | |a Stupidity |x Humor. | |
| 650 | 0 | |a Stupidity |x Philosophy. | |
| 852 | |a INST |b SYROS |e 20090508 |h 889.7 ΚΑΡ |p 005500006321 |q 005500006321 |t BK |y 0 | ||
| 901 | |a BIBL5-2009-2 | ||
| 922 | |a 5ΕΛΗ |b 200709 |c Βιβλιοθήκη Σύρου |d Glory Book | ||
| 970 | |a Καγιαβά |b Ειρήνη |z 08/05/2009 | ||